00670nam a2200181Ia 4500952015400000999001700154003000400171005001700175008004100192020001800233040000900251082002100260100002500281245007700306260004800383300000900431942004800440 00102ddc40708SOCIAL SCIENCEaMESbMEScSOCIAL SCIENCEd2019-02-20g525.00l0o305.50954 DUM/Hp37490r2019-02-20 00:00:00w2019-02-20yBKzGL41R1 c21641d21641OSt20200616125425.0190216s9999||||xx |||||||||||||| ||und|| a9780195645477 coclc a305.50954bDUM/H a Dumont, Louis92981 0aHomo Hierarchicus The Caste System And Its Implications /cLouis Dumont bOxford University Press,c2013.aNew Delhi: a490p cBK2ddch305.50954iDUM/Hk305.50954mDUM/H